000 00301nam a22001337a 4500
008 170502b xxu||||| |||| 00| 0 eng d
020 _a9780495809814
041 _aeng
080 _27TH
_a343.9
100 _a14
101 _aSHJ
245 _aCRIMINAL LAW & PROCEDURE
_cSCHEB, J.M
942 _2udc
_cBK
999 _c12391
_d12391